| 000 | 00594nam a22001697a 4500 | ||
|---|---|---|---|
| 003 | NUST | ||
| 038 | _aNusrat Nadeem | ||
| 082 | _a200 | ||
| 100 |
_aWajid Maryam _9120209 |
||
| 245 |
_aSAFETY-RELATED STRESS EFFECT ON SAFETY BEHAVIOR OF ENGINEERING STUDENTS THROUGH THE UTILIZATION OF SAFETY KNOWLEDGE/ _cMaryam Wajid |
||
| 264 |
_aIslamabad, _bNBS NUST, _c2023. |
||
| 300 |
_aill: _b91,: _c30,cm. |
||
| 650 |
_aMS-Management and Human Resource _9122991 |
||
| 700 |
_aSupervisor: Dr. Ayesha Abrar _9120210 |
||
| 856 | _u http://10.250.8.41:8080/xmlui/handle/123456789/39229 | ||
| 942 |
_2ddc _cSC |
||
| 999 |
_c607612 _d607612 |
||